000 00851 a2200193 4500
001 37940
005 20260407155645.0
008 260407a1977 arg spa d
003 AR-UNSa-BCEJYS
040 _aAR-UNSa-BCEJYS
_bspa
_cAR-UNSa-BCEJYS
080 _a658.8
_xOrganización de mercados. Marketing. Ventas. Distribución
245 1 0 _aLogistica de comercialización
264 1 _aBuenos Aires :
_bEdiciones Macchi
_c1977
300 _a314 p.
_c23 cm.
505 _a1. Ubicación de la estrategia de logística dentro de la estrategia integrada de comercialización - 2. Teoría de la probabilidad, distribuciones, Valor esperado - 3. Política de canales de distribución - 4. Gestión de stocks - 5. Localización de stocks y política de transporte.
942 _cBK
590 _aniveau_biblio:m niveau_hierar:0
100 1 _aLevy, Alberto R.
999 _c2834
_d2834